| 000 | 00805nam a2200205 u 4500 | ||
|---|---|---|---|
| 001 | 000361562 | ||
| 003 | AM-YeHGA | ||
| 005 | 20250618072238.0 | ||
| 008 | 040727s1983 ||||||||||||||||||| rus d | ||
| 040 | _aAM-YeHGA | ||
| 041 | 1 |
_arus _harm |
|
| 100 | 1 |
_aԱղայան, Ղազարոս Ստեփանի, _d1840-1911 _995 |
|
| 245 | 1 | 0 |
_aАнаит : _bСказка : Для мл. шк. возраста / _cГ. Агаян ; Пер. с арм. Я. Хачатряна; Худ. Г. Мамян. |
| 246 | 1 | 5 | _aԱնահիտ |
| 260 |
_aЕреван : _bСоветакан грох, _c1983. |
||
| 300 |
_a36 с. : _bил. ; _c25 см. |
||
| 650 | 1 | 4 |
_aАрмянская детская литература _xСказка |
| 700 | 1 |
_aՄամյան, Հենրիկ Արամի, _d1934- _eхудож. _4art |
|
| 090 | _c139755 | ||
| 999 |
_c138378 _d138378 |
||